[Event "34th Chess Olympiad (men)"]
[Site "Istanbul"]
[Date "2000.11.01"]
[Round "5.54.4"]
[White "Mcleod, Robert"]
[Black "Ricando, Chavez"]
[WhiteElo "2000"]
[BlackElo "2111"]
[WhiteCountry "JCI"]
[BlackCountry "ESA"]
[Result "1/2-1/2"]

1. e4 d6 2. d4 g6 3. Nf3 Bg7 4. Nc3 Nf6 5. Bc4 O-O 6. O-O Nxe4 7. Nxe4 d5 
8. Bxd5 Qxd5 9. Re1 Nc6 10. c3 e5 11. Nxe5 Nxe5 12. dxe5 Qxd1 13. Rxd1 Bxe5 
14. Bg5 f5 15. Nc5 Bd6 16. Nd3 f4 17. g3 fxg3 18. hxg3 Bg4 19. Re1 Rf5 
20. f4 Rd5 21. Ne5 Bxe5 22. fxe5 Re8 23. Bf4 Re6 24. Re4 g5 25. Bxg5 Rexe5 
26. Rxe5 Rxe5 27. Bf4 Re2 28. Rf1 h5 29. Rf2 Rxf2 
1/2-1/2

[Event "34th Chess Olympiad (men)"]
[Site "Istanbul"]
[Date "2000.11.01"]
[Round "5.55.1"]
[White "Frick, Renato"]
[Black "Faulks, Nick"]
[WhiteElo "2156"]
[BlackElo "2025"]
[WhiteCountry "LIE"]
[BlackCountry "BER"]
[Result "1/2-1/2"]

1. e4 c5 2. Nf3 d6 3. d4 Nf6 4. Nc3 cxd4 5. Nxd4 a6 6. Be3 e5 7. Nb3 Be7 
8. Be2 Nbd7 9. O-O O-O 10. Qd2 b5 11. Bf3 Bb7 12. a3 Rc8 13. Rfe1 Nc5 
14. Bxc5 dxc5 15. Nd5 c4 16. Nxe7+ Qxe7 17. Na5 Ba8 18. Qc3 Rfd8 19. Re2 Rd4 
20. Rae1 Qd8 21. g3 h6 
1/2-1/2

[Event "34th Chess Olympiad (men)"]
[Site "Istanbul"]
[Date "2000.11.01"]
[Round "5.55.2"]
[White "Rideout, Dan"]
[Black "Guller, Andras"]
[WhiteElo "2000"]
[BlackElo "2141"]
[WhiteCountry "BER"]
[BlackCountry "LIE"]
[Result "1/2-1/2"]

1. e4 c5 2. Nc3 Nc6 3. f4 g6 4. Nf3 Bg7 5. Bb5 e6 6. O-O Nge7 7. Kh1 O-O 
8. f5 exf5 9. d3 a6 10. Bxc6 dxc6 11. Qe1 f6 12. Be3 b6 13. Rd1 fxe4 
14. dxe4 Qc7 15. Qh4 Be6 16. Bh6 Rad8 17. Bxg7 Kxg7 18. e5 Nf5 19. exf6+ Rxf6 
20. Qf2 Bd5 21. Nxd5 cxd5 22. Ng5 Qc6 23. Ne4 Rff8 24. Ng3 d4 25. Nxf5+ Rxf5 
26. Qe2 Rdf8 27. Rxf5 Rxf5 28. Kg1 b5 29. Qe7+ Rf7 30. Qe5+ Qf6 31. Qxf6+ Kxf6 
32. Re1 Re7 33. Rf1+ Ke6 34. Rf8 Kd5 35. Kf1 Re6 36. Rf7 h5 37. Rd7+ Rd6 
38. Rf7 c4 39. Ke2 Re6+ 40. Kd2 b4 41. Rd7+ Ke4 42. c3 dxc3+ 43. bxc3 bxc3+ 
44. Kxc3 Ke3 45. Kxc4 Rf6 46. Rd3+ Kf2 47. Rd2+ Kg1 48. a4 Rf4+ 49. Kb3 Rf2 
50. Rd6 Rxg2 51. Rxa6 Kxh2 52. Rc6 h4 53. a5 g5 54. a6 Rg3+ 55. Rc3 
1/2-1/2

[Event "34th Chess Olympiad (men)"]
[Site "Istanbul"]
[Date "2000.11.01"]
[Round "5.55.3"]
[White "Elkuch, Harald"]
[Black "Kast, Harry"]
[WhiteElo "2126"]
[BlackElo "2000"]
[WhiteCountry "LIE"]
[BlackCountry "BER"]
[Result "1-0"]

1. e4 c5 2. Nf3 d6 3. d4 cxd4 4. Nxd4 Nf6 5. Nc3 a6 6. Be2 e6 7. Be3 Nc6 
8. Qd2 Be7 9. O-O-O Bd7 10. g4 e5 11. Nf5 Bxf5 12. exf5 h6 13. h4 Qa5 
14. g5 hxg5 15. hxg5 Rxh1 16. Rxh1 Nd7 17. Rh8+ Bf8 18. Bc4 O-O-O 19. Bxf7 Ne7 
20. Be6 Qc7 21. f6 gxf6 22. gxf6 Nc6 23. Nd5 Qa5 24. Qxa5 Nxa5 25. Nb6+ 
1-0

[Event "34th Chess Olympiad (men)"]
[Site "Istanbul"]
[Date "2000.11.01"]
[Round "5.55.4"]
[White "Miller, Bobby"]
[Black "Mannhart, Marcel"]
[WhiteElo "2000"]
[BlackElo "2061"]
[WhiteCountry "BER"]
[BlackCountry "LIE"]
[Result "0-1"]

1. e4 g6 2. d4 Bg7 3. Nf3 d6 4. Bc4 e6 5. O-O Nh6 6. c3 O-O 7. Bf4 f6 
8. Nbd2 Kh8 9. Bg3 Qe7 10. e5 fxe5 11. dxe5 d5 12. Bb3 c5 13. Re1 Nc6 
14. Bc2 b6 15. c4 Nf5 16. Bxf5 Rxf5 17. Nh4 Rf8 18. cxd5 exd5 19. f4 Nd4 
20. Ndf3 Bg4 21. Qd3 Bxf3 22. Nxf3 Nxf3+ 23. Qxf3 Qe6 24. Rad1 Rad8 25. b3 Rd7 
26. Bh4 d4 27. g4 Rdf7 28. Bf6 Bxf6 29. exf6 Qxf6 30. Re4 Qd6 31. Rf1 d3 
32. Rf2 b5 33. Qe3 Rd7 34. Rd2 Kg8 35. h4 Qd5 36. Re5 Qd4 37. Qxd4 Rxd4 
38. Rxc5 a6 39. Rc6 Rfxf4 40. Rxa6 Rxg4+ 41. Kf2 Rxh4 42. Rb6 Rd5 43. Ke3 Kg7 
44. Rf2 d2 45. Rxd2 Rh3+ 
0-1

[Event "34th Chess Olympiad (men)"]
[Site "Istanbul"]
[Date "2000.11.01"]
[Round "5.56.1"]
[White "Mueller, Leonhard"]
[Black "Yung, Lau"]
[WhiteElo "2249"]
[BlackElo "2130"]
[WhiteCountry "NAM"]
[BlackCountry "HKG"]
[Result "0-1"]

1. d4 Nf6 2. c4 d6 3. Nf3 g6 4. Nc3 Bg7 5. e4 O-O 6. Be2 e5 7. O-O Nc6 
8. d5 Ne7 9. Nd2 Ne8 10. b4 f5 11. c5 Nf6 12. f3 f4 13. Nc4 g5 14. Ba3 Rf7 
15. b5 Ne8 16. b6 axb6 17. cxb6 Ng6 18. bxc7 Rxc7 19. Nb5 Rd7 20. Bb4 Bf8 
21. a4 Rg7 22. a5 h5 23. Nb6 Rb8 24. Rc1 Bd7 25. Kh1 g4 26. Nxd7 Qxd7 
27. Na3 Nh4 28. Rg1 Nf6 29. Nc4 Nh7 30. Nb6 Qf7 31. Be1 g3 32. h3 Ng5 
33. Bf1 Qg6 34. Qe2 Kh8 35. Bb4 Be7 36. Rc2 Rbg8 37. Bd2 Nxh3 38. gxh3 g2+ 
39. Bxg2 Nxg2 40. Bc3 Qg3 41. Qxg2 Qh4 42. Kh2 Rxg2+ 43. Rcxg2 Rg3 
44. Rxg3 fxg3+ 45. Rxg3 Qf4 46. Kg2 Bh4 47. Be1 Bxg3 48. Bxg3 Qg5 49. h4 Qd2+ 
50. Bf2 Qxa5 51. Nc4 Qa6 52. Nb6 Kg8 53. Kg1 Kf7 54. Kg2 Ke8 55. Kg1 Kd8 
56. Kg2 Kc7 57. Be3 Qxb6 58. Bxb6+ Kxb6 59. f4 exf4 60. Kf3 Kc5 61. Kxf4 b5 
62. Kf5 b4 63. e5 b3 64. e6 b2 65. e7 b1Q+ 66. Ke6 Qe4+ 67. Kd7 Kxd5 
68. e8Q Qxe8+ 69. Kxe8 Ke6 
0-1

[Event "34th Chess Olympiad (men)"]
[Site "Istanbul"]
[Date "2000.11.01"]
[Round "5.56.2"]
[White "Schepel, Kaarlo"]
[Black "Leicher, Helmuth"]
[WhiteElo "2175"]
[BlackElo "2000"]
[WhiteCountry "HKG"]
[BlackCountry "NAM"]
[Result "1-0"]

1. e4 c6 2. d4 d5 3. e5 Bf5 4. Ne2 e6 5. Nf4 h6 6. Nd2 c5 7. g4 Bh7 8. c3 Nc6 
9. Nb3 a6 10. Be3 c4 11. Nc5 Qc7 12. b4 cxb3ep 13. Nxb3 Nxe5 14. dxe5 Qxc3+ 
15. Qd2 Qxe5 16. Be2 Bd6 17. Nh5 f6 18. Nxg7+ Kf7 19. Nh5 Rc8 20. Rc1 Rxc1+ 
21. Nxc1 Qe4 22. f3 Qb4 23. Qxb4 Bxb4+ 24. Bd2 Bxd2+ 25. Kxd2 Ne7 26. Bd3 Ng6 
27. Nb3 e5 28. Rc1 Re8 29. Rc7+ Re7 30. Rxe7+ Kxe7 31. Nc5 b6 32. Nxa6 e4 
33. fxe4 Ne5 34. Ng3 Nxg4 35. exd5 Bxd3 36. Kxd3 Nxh2 37. Nf5+ 
1-0

[Event "34th Chess Olympiad (men)"]
[Site "Istanbul"]
[Date "2000.11.01"]
[Round "5.56.3"]
[White "Oberholzer, Rex"]
[Black "Kiernan, Mark"]
[WhiteElo "2200"]
[BlackElo "2125"]
[WhiteCountry "NAM"]
[BlackCountry "HKG"]
[Result "1/2-1/2"]

1. e4 c6 2. d4 d5 3. Nc3 dxe4 4. Nxe4 Nd7 5. Bc4 Ngf6 6. Ng5 e6 7. Qe2 Nb6 
8. Bb3 h6 9. N5f3 c5 10. Be3 Qc7 11. Ne5 Bd7 12. Ngf3 Rc8 13. c3 Bd6 
14. O-O O-O 15. Rad1 Rfd8 16. Rfe1 Ba4 17. dxc5 Bxc5 18. Rxd8+ Rxd8 
19. Bxc5 Qxc5 20. Nxf7 Kxf7 21. Ne5+ Kf8 22. Ng6+ Kf7 23. Ne5+ Kf8 24. Ng6+ Kf7 
25. Ne5+ 
1/2-1/2

[Event "34th Chess Olympiad (men)"]
[Site "Istanbul"]
[Date "2000.11.01"]
[Round "5.56.4"]
[White "Chau, Sau Ming"]
[Black "Richter, Hannes"]
[WhiteElo "2000"]
[BlackElo "2000"]
[WhiteCountry "HKG"]
[BlackCountry "NAM"]
[Result "1-0"]

1. d4 d5 2. c4 e6 3. cxd5 exd5 4. Nc3 Nf6 5. Bg5 Be7 6. e3 Bf5 7. Bd3 Bxd3 
8. Qxd3 c6 9. Nf3 Nbd7 10. O-O O-O 11. Rab1 h6 12. Bh4 a5 13. Rfc1 Ne8 
14. Bxe7 Qxe7 15. Na4 Nd6 16. Nd2 Rfe8 17. Nb3 Ne4 18. Nbc5 Ndf6 19. Qb3 Nd2 
20. Qxb7 Qxb7 21. Nxb7 Nxb1 22. Rxb1 Ra7 23. Nbc5 Ne4 24. Nd3 Kf8 25. Rc1 Rc7 
26. b3 f6 27. Nb6 Ree7 28. Nf4 Kf7 29. f3 Nd6 30. Kf2 Nf5 31. Rc3 g5 
32. Ne2 Nd6 33. Rc5 Nb7 34. Rc3 Nd8 35. Rc5 Rb7 36. Nc8 Re6 37. Rxa5 Rb8 
38. Ra7+ Ke8 39. Rc7 Ra8 40. Nc3 Rb8 41. g4 Rb7 42. Rxb7 Nxb7 43. Na4 Kd8 
44. Ncb6 Kc7 45. Nc5 Re7 46. Nba4 Nxc5 47. dxc5 h5 48. h3 hxg4 49. hxg4 Rh7 
50. Kg2 Re7 51. Kf2 Re8 52. Nb6 Rh8 53. Kg2 Rd8 54. Kf2 d4 55. e4 Rh8 
56. Kg2 d3 57. Nc4 Rd8 58. Nd2 Rh8 59. Kf2 Ra8 60. a4 Ra5 61. Ke3 Rxc5 
62. Nc4 Rxc4 63. bxc4 d2 64. Kxd2 Kb6 65. Ke3 Ka5 66. Kd4 Kxa4 67. Kc5 Kb3 
68. Kxc6 Kxc4 69. Kd6 Kd4 70. Ke6 Ke3 71. Kxf6 Kxf3 72. Kxg5 Kxe4 73. Kf6 Kd4 
1-0

[Event "34th Chess Olympiad (men)"]
[Site "Istanbul"]
[Date "2000.11.01"]
[Round "5.57.1"]
[White "Corbin, Philip"]
[Black "Ndlovu, Ignatious"]
[WhiteElo "2228"]
[BlackElo "2000"]
[WhiteCountry "BAR"]
[BlackCountry "BOT"]
[Result "0-1"]

1. e4 e6 2. d4 d5 3. e5 c5 4. c3 Qb6 5. Nf3 Nc6 6. Bd3 Bd7 7. O-O cxd4 
8. cxd4 Nxd4 9. Nxd4 Qxd4 10. Qe2 Ne7 11. Kh1 Nc6 12. f4 Qb6 13. Nc3 Nb4 
14. Be3 d4 15. Bg1 Bc5 16. Ne4 Nxd3 17. Qxd3 Bb5 18. Qc2 Bxf1 19. Rxf1 Be7 
20. f5 exf5 21. Rxf5 O-O 22. Rh5 Qg6 23. Rh3 Rac8 24. Qd3 Rc1 25. Rg3 Qa6 
26. Qxd4 Rd8 27. Nd6 Qb6 28. Qxb6 axb6 29. Ra3 f6 30. Rc3 Rxc3 31. bxc3 fxe5 
32. Nc4 Rd1 33. Nxe5 Bc5 34. Nf3 Bxg1 35. Nxg1 Rc1 36. h3 Rxc3 37. Ne2 Rc2 
38. Nd4 Rxa2 39. Kg1 Kf7 40. Kf1 Kf6 41. g4 Ke5 42. Nf5 g6 43. Ne3 Kd4 
44. Nd1 Ra1 45. Ke2 Rxd1 
0-1

[Event "34th Chess Olympiad (men)"]
[Site "Istanbul"]
[Date "2000.11.01"]
[Round "5.57.2"]
[White "Samuel, Boipuso"]
[Black "Austin, Dirk"]
[WhiteElo "2117"]
[BlackElo "2000"]
[WhiteCountry "BOT"]
[BlackCountry "BAR"]
[Result "1-0"]

1. e4 c5 2. c3 d5 3. exd5 Qxd5 4. d4 Nf6 5. Nf3 Bg4 6. Be2 e6 7. h3 Bh5 
8. O-O Nc6 9. Na3 cxd4 10. Nb5 Rc8 11. Nbxd4 a6 12. g4 Nxd4 13. Nxd4 Bg6 
14. Qa4+ Qd7 15. Qb5 Qc6 16. g5 Kd7 17. Qd5+ Nxd5 18. Rd1 Bd6 19. Bg4 Rhe8 
20. Nxe6 fxe6 21. Rd4 Ke7 22. Rd1 Ne3 23. Bxe3 Rf8 24. Bd4 Rf7 25. b3 Rc7 
26. Re1 Bf5 27. Bxf5 Rxf5 28. h4 e5 29. Rac1 Kf7 30. Be3 Kg6 31. c4 Bb4 
32. Red1 Kh5 33. Rd6 Qg2+ 34. Kxg2 h6 35. Rd8 Rcf7 36. Rh8 Bf8 37. gxh6 gxh6 
38. Rg8 Be7 39. Rd1 Bxh4 40. Rh1 e4 41. Rh3 Rf3 42. Rgg3 R3f5 43. Kf1 Ra5 
44. Bxh6 Rxa2 45. Be3 Ra1+ 46. Kg2 Ra5 47. c5 Rf5 48. Rg7 Rb5 49. Rh7+ Kg6 
50. R3xh4 Rf8 51. R4h6+ Kf5 52. Rg7 Ke5 53. Rg5+ Rf5 54. Rxf5+ Kxf5 55. Rb6 
1-0

[Event "34th Chess Olympiad (men)"]
[Site "Istanbul"]
[Date "2000.11.01"]
[Round "5.57.3"]
[White "Elson, Askari"]
[Black "Kealeboga, Baone"]
[WhiteElo "2000"]
[BlackElo "2000"]
[WhiteCountry "BAR"]
[BlackCountry "BOT"]
[Result "1-0"]

1. d4 Nf6 2. c4 e5 3. dxe5 Ng4 4. e4 Nxe5 5. Nc3 Bc5 6. Be2 d6 7. Nf3 Nbc6 
8. O-O a5 9. Kh1 Ng4 10. Kg1 O-O 11. h3 Nge5 12. Kh1 Nxf3 13. Bxf3 Ne5 
14. Be2 Be6 15. b3 Qh4 16. f4 Bxh3 17. Qe1 Qh6 18. fxe5 g5 19. Rf6 Bxg2+ 
20. Kxg2 Qg7 21. Qg3 Bd4 22. Rf5 h6 23. Qh3 Rae8 24. Bd2 Rxe5 25. Rxe5 Qxe5 
26. Rh1 Bxc3 27. Bxc3 Qxe4+ 28. Qf3 Qe6 29. Bd3 f5 30. Qd5 Qxd5+ 31. cxd5 Kh7 
32. Re1 Rf7 33. Re6 h5 34. Rf6 Rxf6 35. Bxf6 Kg6 36. Bd8 c6 37. Bxa5 cxd5 
38. Bc7 Kf6 39. Bxd6 Ke6 40. Bb8 h4 41. Kh3 Kf6 42. a4 Ke6 43. b4 d4 44. a5 Kd5 
45. b5 Kc5 46. a6 
1-0

[Event "34th Chess Olympiad (men)"]
[Site "Istanbul"]
[Date "2000.11.01"]
[Round "5.57.4"]
[White "Salani, Polite"]
[Black "Taitt, Junior"]
[WhiteElo "2000"]
[BlackElo "2000"]
[WhiteCountry "BOT"]
[BlackCountry "BAR"]
[Result "0-1"]

1. d4 Nf6 2. c4 g6 3. Nc3 Bg7 4. e4 d6 5. Nf3 O-O 6. Be2 e5 7. O-O Nc6 
8. d5 Ne7 9. Nd2 a5 10. a3 Nd7 11. Rb1 f5 12. b4 axb4 13. axb4 Kh8 14. Nb3 Nf6 
15. f3 Neg8 16. Be3 Bh6 17. Qd2 Bxe3+ 18. Qxe3 Nh5 19. Rfd1 f4 20. Qf2 Nh6 
21. Rd3 g5 22. c5 g4 23. cxd6 g3 24. hxg3 fxg3 25. Qe3 Qh4 26. dxc7 Ng4 
27. Qc5 Qh2+ 28. Kf1 Qh1+ 29. Qg1 Nh2+ 30. Ke1 Qxg1+ 31. Kd2 Qb6 32. Nc5 Qxc7 
33. d6 Qg7 34. d7 Bxd7 35. Rxd7 Rf7 36. Rxf7 Qxf7 37. Nd5 Ra2+ 38. Kd1 Nf4 
39. Bc4 Rf2 40. Ne3 Qc7 41. Rb3 Nxf3 42. Ra3 Qd8+ 43. Bd5 Ng5 44. Nxb7 Qb8 
45. Nd6 Nxd5 46. Nxd5 Qxd6 47. Ra8+ Kg7 
0-1

[Event "34th Chess Olympiad (men)"]
[Site "Istanbul"]
[Date "2000.11.01"]
[Round "5.58.1"]
[White "Cutter, Paul"]
[Black "Salleh, Zulklifli"]
[WhiteElo "2122"]
[BlackElo "2000"]
[WhiteCountry "GCI"]
[BlackCountry "BRU"]
[Result "1/2-1/2"]

1. e4 c5 2. c3 d5 3. exd5 Qxd5 4. d4 cxd4 5. cxd4 Nc6 6. Nf3 Bg4 7. Nc3 Qa5 
8. d5 O-O-O 9. Bd2 Ne5 10. Rc1 Kb8 11. Bf4 Ka8 12. Bxe5 f6 13. Be2 Bxf3 
14. Bxf3 fxe5 15. O-O e6 16. Qb3 Qb4 17. dxe6 Nf6 18. Qxb4 Bxb4 19. Rfd1 
1/2-1/2

[Event "34th Chess Olympiad (men)"]
[Site "Istanbul"]
[Date "2000.11.01"]
[Round "5.58.2"]
[White "Yusof, Abdul"]
[Black "Cummins, John"]
[WhiteElo "2000"]
[BlackElo "2000"]
[WhiteCountry "BRU"]
[BlackCountry "GCI"]
[Result "1-0"]

1. d4 Nf6 2. c4 g6 3. Nc3 Bg7 4. Bf4 d6 5. Nf3 Nbd7 6. e4 O-O 7. Be2 c5 
8. d5 Qb6 9. Rb1 Ng4 10. O-O Re8 11. h3 Nge5 12. Qd2 Nxf3+ 13. Bxf3 Ne5 
14. Be2 a6 15. Be3 f5 16. b4 Qc7 17. bxc5 dxc5 18. f4 Nf7 19. e5 b6 20. Bf3 Rb8 
21. Kh1 Bb7 22. Rb3 Red8 23. Rfb1 Ba8 24. Na4 Bh6 25. Rxb6 Rxb6 26. Rxb6 Rb8 
27. Rxb8+ Qxb8 28. Nxc5 Qb1+ 29. Kh2 Bb7 30. Nxb7 Qxb7 31. d6 Qb8 32. c5 e6 
33. c6 Bg7 34. c7 
1-0

[Event "34th Chess Olympiad (men)"]
[Site "Istanbul"]
[Date "2000.11.01"]
[Round "5.58.3"]
[White "Manzanilla, Ernesto"]
[Black "Voon Choon, Leong"]
[WhiteElo "2155"]
[BlackElo "2000"]
[WhiteCountry "GCI"]
[BlackCountry "BRU"]
[Result "0-1"]

1. e4 d6 2. d4 Nf6 3. Bd3 g6 4. c3 Bg7 5. Nf3 Nbd7 6. O-O O-O 7. Re1 e5 
8. h3 b6 9. Be3 Bb7 10. Nbd2 c5 11. d5 a6 12. a4 Rb8 13. Qe2 Ra8 14. Nh2 Nh5 
15. g3 Bc8 16. Kg2 Nb8 17. Ndf3 f5 18. exf5 gxf5 19. Ng5 Nf6 20. Bc4 h6 
21. Ne6 Bxe6 22. dxe6 Qe7 23. Red1 d5 24. Bxd5 Nxd5 25. Rxd5 Qxe6 26. Rad1 Qc6 
27. f3 f4 28. Rd6 Qxa4 29. gxf4 exf4 30. Bf2 Qb3 31. Ng4 h5 32. Nh6+ Kh8 
33. Qe7 Nc6 34. Qe4 Nd4 35. Bxd4 cxd4 36. R1xd4 Rae8 37. Rb4 Qa2 38. Qc2 Qa1 
39. Rbxb6 Qe1 40. Rd2 Qg3+ 
0-1

[Event "34th Chess Olympiad (men)"]
[Site "Istanbul"]
[Date "2000.11.01"]
[Round "5.58.4"]
[White "Dollah, Zaidi"]
[Black "Wilson, Peter"]
[WhiteElo "2000"]
[BlackElo "2000"]
[WhiteCountry "BRU"]
[BlackCountry "GCI"]
[Result "1/2-1/2"]

1. d4 f5 2. c4 e6 3. Nc3 Nf6 4. Bg5 Be7 5. Nf3 d5 6. e3 O-O 7. Ne5 c6 
8. Qc2 Ne4 9. Bf4 g5 10. Bg3 Nd7 11. f3 Nxc3 12. bxc3 Nxe5 13. Bxe5 Bd6 
14. Bg3 Qc7 15. Bxd6 Qxd6 16. c5 Qc7 17. Rb1 e5 18. h4 exd4 19. cxd4 Qg3+ 
20. Qf2 Qxf2+ 21. Kxf2 g4 22. f4 h5 23. Bd3 Rf7 24. a4 Be6 25. a5 a6 
26. Rb3 Re8 27. Rhb1 Bc8 28. Be2 Rfe7 29. Rc3 Kg7 30. Rb6 Rc7 31. Rcb3 Ree7 
32. g3 Kf7 
1/2-1/2

[Event "34th Chess Olympiad (men)"]
[Site "Istanbul"]
[Date "2000.11.01"]
[Round "5.59.1"]
[White "Luga, Allan"]
[Black "Li Ying, Denis"]
[WhiteElo "2000"]
[BlackElo "2090"]
[WhiteCountry "PNG"]
[BlackCountry "MRI"]
[Result "0-1"]

1. e4 c5 2. Nf3 d6 3. Nc3 Nc6 4. d4 cd4 5. Nd4 Nf6 6. Be2 g6 7. O-O Bg7 
8. Bb5 Bd7 9. Nc6 bc6 10. Bd3 O-O 11. Re1 e5 12. Bg5 h6 13. Be3 Qc7 14. Qd2 Ng4 
15. f3 Ne3 16. Qe3 Be6 17. b3 d5 18. Qd2 Rad8 19. Rab1 f5 20. ed5 cd5 
21. Nb5 Qb6+ 22. Qf2 Qf2+ 23. Kf2 e4 24. Be2 Rc8 25. Bd1 a6 26. Na3 Bc3 
27. Re2 Bb4 28. c4 Ba3 29. cd5 Bd5 30. b4 Bc1 31. Bb3 Bb3 32. Rb3 e3+ 
33. Kg3 f4+ 34. Kh3 Bd2 35. g4 fg3 36. Kg3 Rf5 37. Rd3 Rcf8 38. Ree3 Be3 
39. Re3 Kg7 40. a4 Rf4 41. Rb3 g5 42. h3 Rb8 43. Rc3 Rbb4 44. a5 Rb5 
45. Rc7+ Rf7 46. Rf7+ Kf7 
0-1

[Event "34th Chess Olympiad (men)"]
[Site "Istanbul"]
[Date "2000.11.01"]
[Round "5.59.2"]
[White "Chinasamy, Devarajen"]
[Black "Press, Shaun"]
[WhiteElo "2020"]
[BlackElo "2000"]
[WhiteCountry "MRI"]
[BlackCountry "PNG"]
[Result "0-1"]

1. e4 e5 2. Nf3 Nc6 3. Bb5 a6 4. Ba4 Nf6 5. O-O Be7 6. Re1 b5 7. Bb3 O-O 
8. a4 Bb7 9. ab5 ab5 10. Ra8 Ba8 11. d3 d6 12. Nbd2 Na5 13. Ba2 c5 14. Nf1 Bc6 
15. Ng3 Bd7 16. c3 Nc6 17. h3 b4 18. Bd2 Qa5 19. Bb1 Rb8 20. Re2 Ne8 
21. Be1 Qb6 22. Ba2 Nc7 23. Bd5 bc3 24. bc3 Nd5 25. ed5 Na5 26. d4 f6 
27. dc5 Qc5 28. Ne4 Qa3 29. Bd2 Ba4 30. Qc1 Qa2 31. Re1 Bc2 32. Qa1 Qd5 
33. Ng3 Kf7 34. Nf1 Nc4 35. Ne3 Ne3 36. Be3 Ra8 37. Qb2 Qb3 38. Qb3+ Bb3 
39. Rb1 Bd5 40. Nh2 Rc8 41. Rc1 Bd8 42. Nf1 Ba5 43. Bd2 Be6 44. Ne3 f5 
45. Kf1 f4 46. Nd1 Rb8 47. Ra1 Rb5 48. f3 Bb6 49. Ke1 Bc5 50. Nf2 Bf5 
51. Nd1 Rb1 52. Rb1 Bb1 53. Nb2 Ke6 54. Na4 Ba3 55. Kd1 Bd3 56. Be1 Bb5 
57. Nb6 Bc5 58. c4 Bb6 59. cb5 Kd5 60. Bb4 Bc7 61. Ke2 Kc4 62. b6 Bb8 
63. Be1 Kb5 64. Bf2 d5 65. Kd3 d4 66. b7 Kc6 67. Be1 Kb7 68. Ke4 Kc6 
69. Bb4 Kb5 70. Be1 Kc4 71. Bd2 Bd6 72. Bc1 g5 73. Bd2 Bb4 74. Bc1 d3 
75. Ke5 d2 76. Bd2 Bd2 77. Kf5 Kd3 78. Kg5 Ke2 79. h4 Kf2 80. h5 Kg2 81. Kg4 h6 
0-1

[Event "34th Chess Olympiad (men)"]
[Site "Istanbul"]
[Date "2000.11.01"]
[Round "5.59.3"]
[White "Albis, Jeppers"]
[Black "Mansoor, Jamil"]
[WhiteElo "2000"]
[BlackElo "2205"]
[WhiteCountry "PNG"]
[BlackCountry "MRI"]
[Result "0-1"]

1. d4 Nf6 2. c4 e6 3. Nc3 Bb4 4. Bd2 b6 5. Nf3 Bb7 6. e3 O-O 7. Bd3 d5 
8. O-O Nbd7 9. a3 Be7 10. b4 c5 11. dc5 bc5 12. cd5 ed5 13. bc5 Nc5 
14. Bf5 Nfe4 15. Nd4 Bf6 16. Ne4 Ne4 17. Bb4 Re8 18. Rb1 a5 19. Ba5 Ra5 
20. Rb7 Qa8 21. Rd7 g6 22. Bg4 Nc5 23. Rc7 Be5 24. Rc6 Bd4 25. Qd4 Qc6 
26. Rc1 Nb3 27. Rc6 Nd4 28. Rd6 Ra3 29. h3 h5 30. Rd5 hg4 31. Rd4 g3 
32. fg3 Ree3 33. Rd2 Rg3 34. Kh2 Kg7 35. Rb2 g5 36. Rc2 Kg6 37. Rb2 Rgb3 
38. Rc2 Ra1 39. Rc4 Ra2 40. h4 Kh5 
0-1

[Event "34th Chess Olympiad (men)"]
[Site "Istanbul"]
[Date "2000.11.01"]
[Round "5.59.4"]
[White "Marie, Patrik"]
[Black "Marko, Helmut"]
[WhiteElo "2000"]
[BlackElo "2205"]
[WhiteCountry "MRI"]
[BlackCountry "PNG"]
[Result "0-1"]

1. e4 d6 2. d4 Nf6 3. Nc3 g6 4. f4 Bg7 5. Nf3 c5 6. Bb5+ Bd7 7. e5 Ng4 
8. e6 Bb5 9. ef7+ Kd7 10. Nb5 Qa5+ 11. Nc3 cd4 12. Nd4 Bd4 13. Qd4 Nc6 
14. Qd1 Qh5 15. Ne4 Raf8 16. h3 Nf6 17. Nf6+ ef6 18. Qh5 gh5 19. Be3 Rf7 
20. O-O-O Kc7 21. Bf2 Rg8 22. g3 Rff8 23. Rd2 f5 24. Rhd1 Rf7 25. Re1 Re7 
26. Re6 Re6 27. Kd1 Ne7 28. Re2 Kd7 29. Re6 Ke6 30. Ke2 Nd5 31. Bd4 Ne7 
32. Kd3 Kd5 33. c4+ Ke6 34. b4 b5 35. Bg7 Nc8 36. Bd4 Ne7 37. Kc3 Ng6 
38. h4 Nf8 39. Bg1 Ng6 40. Bd4 Ne7 41. Bf2 Kd7 42. Kd4 Kc6 43. Kd3 Nc8 
44. Bd4 bc4+ 45. Kc4 d5+ 46. Kc3 Nd6 47. Kd3 Ne4 48. a4 Ng3 49. Be3 Ne4 
50. Kd4 Nd6 51. Ke5 Nc4+ 52. Kd4 a6 53. b5+ ab5 54. ab5+ Kb5 55. Kd3 Nb6 
56. Kd4 Nc4 57. Kd3 Ne3 58. Ke3 Kc6 59. Kf3 d4 60. Kf2 
0-1

[Event "34th Chess Olympiad (men)"]
[Site "Istanbul"]
[Date "2000.11.01"]
[Round "5.60.1"]
[White "Silveirinha, Jose Antonio C"]
[Black "Abera, Yimam"]
[WhiteElo "2177"]
[BlackElo "2000"]
[WhiteCountry "MAC"]
[BlackCountry "ETH"]
[Result "0-1"]

1. d4 Nf6 2. c4 g6 3. Nc3 Bg7 4. Bg5 O-O 5. Qd2 Re8 6. e4 d6 7. O-O-O a6 
8. h4 h5 9. f3 c6 10. Bd3 Nbd7 11. Nge2 b5 12. Rdg1 e5 13. g4 exd4 14. Nxd4 Qb6 
15. Be3 c5 16. Nf5 gxf5 17. gxh5 Nxh5 18. Bh6 Qd8 19. Nd5 Ne5 20. Bxg7 Nxd3+ 
21. Kb1 Ne5 22. Bf8+ Ng6 23. Bh6 Kh7 24. Rg5 Kxh6 25. Rxf5+ Kg7 26. Rxh5 Rh8 
27. Rg5 Be6 28. Qc3+ f6 29. Rhg1 Bf7 30. h5 b4 31. Rxg6+ Bxg6 32. Rxg6+ Kf7 
33. Rxf6+ Ke8 34. Rg6 
0-1

[Event "34th Chess Olympiad (men)"]
[Site "Istanbul"]
[Date "2000.11.01"]
[Round "5.60.2"]
[White "Hailu, Wossenyelew"]
[Black "Fesalbon, Rolando"]
[WhiteElo "2000"]
[BlackElo "2000"]
[WhiteCountry "ETH"]
[BlackCountry "MAC"]
[Result "1-0"]

1. d4 d5 2. c4 e6 3. Nc3 Nf6 4. Bg5 Nbd7 5. Nf3 c6 6. e3 Bb4 7. Qc2 Qa5 
8. Nd2 Bxc3 9. bxc3 dxc4 10. Bxf6 Nxf6 11. Nxc4 Qc7 12. Ne5 Nd7 13. Nf3 c5 
14. Rc1 b6 15. g3 Bb7 16. Bg2 Bxf3 17. Bxf3 Rc8 18. Be4 f5 19. Bd3 c4 
20. Be2 b5 21. Bf3 O-O 22. O-O e5 23. Bd5+ Kh8 24. Be6 e4 25. f3 Rce8 
26. Bxd7 Qxd7 27. fxe4 Qe7 28. e5 Qe6 29. Rf2 g6 30. Rcf1 Kg7 31. e4 fxe4 
32. Qxe4 Qb6 33. Rf6 Qc7 34. Qf4 Qe7 35. Rxf8 Rxf8 36. Qxf8+ Qxf8 37. Rxf8 Kxf8 
38. Kf2 Ke7 39. d5 Kd7 40. Ke3 Kc7 41. Kd4 Kb6 42. e6 Kc7 43. Kc5 a6 
44. d6+ Kd8 45. Kc6 
1-0

[Event "34th Chess Olympiad (men)"]
[Site "Istanbul"]
[Date "2000.11.01"]
[Round "5.60.3"]
[White "Chan, Kuok"]
[Black "Haile Giorgis, Shewaseged"]
[WhiteElo "2000"]
[BlackElo "2000"]
[WhiteCountry "MAC"]
[BlackCountry "ETH"]
[Result "1-0"]

1. d4 Nf6 2. c4 e6 3. Nc3 Bb4 4. Qc2 d5 5. e3 O-O 6. a3 Bxc3+ 7. bxc3 b6 
8. cxd5 exd5 9. Bd3 c5 10. dxc5 bxc5 11. c4 d4 12. Ne2 Nc6 13. O-O Ne5 
14. exd4 cxd4 15. Bg5 h6 16. Bxf6 Qxf6 17. Be4 Rb8 18. Nxd4 Ba6 19. Rfb1 Nxc4 
20. Nf3 Rbc8 21. Qa4 Rfe8 22. Bd3 Nb2 23. Qxa6 Rc6 24. Qb5 Nxd3 25. Qxd3 Rd8 
26. Qb5 Rdc8 27. Qe5 Qg6 28. h3 Rf6 29. Kh2 Rc2 30. Rb8+ Kh7 31. Qe8 Qh5 
32. Ne5 
1-0

[Event "34th Chess Olympiad (men)"]
[Site "Istanbul"]
[Date "2000.11.01"]
[Round "5.60.4"]
[White "Wondimu, Dawit"]
[Black "Chang, Hon Kun"]
[WhiteElo "2000"]
[BlackElo "2200"]
[WhiteCountry "ETH"]
[BlackCountry "MAC"]
[Result "1-0"]

1. d4 d5 2. c4 e6 3. Nc3 Nf6 4. Bg5 Nbd7 5. Nf3 c6 6. e3 Bb4 7. Rc1 Qa5 
8. Nd2 h6 9. Bxf6 Nxf6 10. a3 Be7 11. Bd3 O-O 12. O-O Re8 13. Bb1 Bf8 
14. f4 Qd8 15. Nf3 Nd7 16. Ne5 Nxe5 17. fxe5 g6 18. Qf3 Qe7 19. h4 Bd7 
20. h5 g5 21. Qe2 Bg7 22. Qc2 Red8 23. Qh7+ Kf8 24. Bg6 Be8 25. Rf2 Rd7 
26. Rcf1 c5 27. Bxf7 Bxf7 28. Rxf7+ Qxf7 29. Rxf7+ Rxf7 30. cxd5 exd5 
31. Qg6 Rd8 32. Nb5 cxd4 33. Nd6 Rc7 34. exd4 Rdd7 35. Qe8# 
1-0

[Event "34th Chess Olympiad (men)"]
[Site "Istanbul"]
[Date "2000.11.01"]
[Round "5.61.1"]
[White "Allen, Daryl"]
[Black "Berardi, Giancarlo"]
[WhiteElo "2000"]
[BlackElo "2000"]
[WhiteCountry "ISV"]
[BlackCountry "SMR"]
[Result "1/2-1/2"]

1. e4 d5 2. ed5 Qd5 3. Nc3 Qa5 4. Nf3 Bg4 5. Be2 Nf6 6. h3 Bh5 7. d3 c6 
8. O-O e6 9. Bd2 Be7 10. Ne4 Qd8 11. Nfg5 Be2 12. Qe2 Ne4 13. Ne4 O-O 
14. Bc3 Nd7 15. Rae1 Nf6 16. Qf3 a5 17. Nf6+ Bf6 18. Bf6 Qf6 
1/2-1/2